Statistics for Text - "Boten Anna" - Basshunter

Click here to take the quiz!

General Stats

  • This quiz has been taken 565 times
  • The average score is 217 of 317

Answer Stats

Ord% Correct
Anna.
98%
Anna
98%
Hon
98%
hon
98%
bot!
97%
bot
97%
heter
97%
Ja,
97%
Ja
97%
en
96%
En
96%
kan
96%
jag
94%
Jag
94%
känne
92%
känner
91%
och
90%
Och
90%
sa
90%
90%
banna
88%
I
88%
här
87%
dig
84%
kanal
83%
hårt
80%
upp
80%
För
78%
för
78%
våran
77%
vi
76%
att
73%
berätta
70%
vill
69%
som
63%
Som
63%
röjer
62%
ingen
55%
är
54%
50%
Den
47%
den
47%
mig
47%
inte
45%
kom
45%
Kom
45%
Men
43%
tjej
41%
annan
40%
fanns
40%
trodde
40%
det
39%
Det
39%
alla
37%
dagen
36%
slå
36%
vacker
36%
alltid
34%
balans
34%
utan
33%
väldigt,
33%
väldigt
33%
aldrig
31%
främmande
29%
kanalen
28%
besvär
27%
med
27%
satte
27%
till
27%
verkligen
27%
av
26%
gör
26%
sig
26%
spammar
26%
tyvärr
25%
får
24%
kicka
24%
ögon
24%
finns
23%
hade
23%
mina
23%
ser
23%
fel
22%
slår
22%
vaktar
21%
nu
20%
blir
19%
ihåg
17%
när
17%
inget
16%
lyckas
16%
skrev
14%
förklaras
13%
behöver
12%
take-over
9%
you're
2%

Score Distribution

Percentile by Number Answered

Percent of People with Each Score

Your Score History

You have not taken this quiz